[Event "EU-ch U16"]
[Site "Batumi"]
[Date "2010.09.26"]
[Round "7"]
[White "Mangiashvili, Otar"]
[Black "Rindlisbacher, Jan"]
[Result "0-1"]
[WhiteElo "1804"]
[BlackElo "2164"]
[PlyCount "82"]
[EventDate "2010.09.20"]
[EventType "swiss"]
[EventRounds "9"]
[EventCountry "GEO"]
[SourceTitle "CBM 138 Extra"]
[Source "ChessBase"]
[SourceDate "2010.10.29"]
[SourceVersion "1"]
[SourceVersionDate "2010.10.29"]
[SourceQuality "1"]

1. d4 Nf6 2. c4 g6 3. Nc3 Bg7 4. e4 d6 5. h3 0-0 6. Nf3 c5 7. d5 e6 8. Bd3 exd5 9. exd5 Re8+ 10. Be3 Bh6 11. 0-0 Bxe3 12. fxe3 Nbd7 13. e4 Qe7 14. Qd2 Ne5 15. Nxe5 Qxe5 16. Qf4 Kg7 17. Qxe5 Rxe5 18. Rf3 Re7 19. Nb5 Ne8 20. Raf1 a6 21. Nc3 Bd7 22. b3 b5 23. Re3 b4 24. Na4 Bxa4 25. bxa4 Nf6 26. Bc2 a5 27. Rfe1 Nd7 28. Kf2 Rae8 29. Kg3 f5 30. Kf4 Kf6 31. g4 g5+ 32. Kf3 Ne5+ 33. Kg2 f4 34. Rb3 Nxc4 35. Bd3 Nd2 36. Rb2 Nxe4 37. Bb5 Nc3 38. Rxe7 Rxe7 39. Bc6 Re2+ 40. Rxe2 Nxe2 41. Bb5 Nc3 0-1

[Event "EU-ch U16"]
[Site "Batumi"]
[Date "2010.09.24"]
[Round "6"]
[White "Guttulsrud, Odd Martin"]
[Black "Mangiashvili, Otar"]
[Result "1/2-1/2"]
[WhiteElo "2107"]
[BlackElo "1804"]
[PlyCount "78"]
[EventDate "2010.09.20"]
[EventType "swiss"]
[EventRounds "9"]
[EventCountry "GEO"]
[SourceTitle "CBM 138 Extra"]
[Source "ChessBase"]
[SourceDate "2010.10.29"]
[SourceVersion "1"]
[SourceVersionDate "2010.10.29"]
[SourceQuality "1"]

1. e4 c6 2. d4 d5 3. e5 Bf5 4. Nf3 e6 5. Be2 c5 6. Be3 Qb6 7. b3 Nc6 8. 0-0 Rc8 9. Nc3 Qa5 10. Na4 cxd4 11. Bxd4 b5 12. Nb2 Ba3 13. Nd3 Nge7 14. Be3 Ng6 15. Nd4 Bxd3 16. Qxd3 a6 17. Nxc6 Rxc6 18. f4 Ne7 19. Bd2 Qb6+ 20. Kh1 Qc5 21. c3 Bb2 22. b4 Qc4 23. Qxc4 bxc4 24. Rab1 Ba3 25. b5 axb5 26. Rxb5 Bc5 27. Rb8+ Nc8 28. Rfb1 0-0 29. Bd1 Ra6 30. a4 Nb6 31. Rxf8+ Kxf8 32. Ra1 d4 33. cxd4 Bxd4 34. Rc1 c3 35. Bxc3 Bxc3 36. Rxc3 Nxa4 37. Bxa4 Rxa4 38. g3 g6 39. Kg2 h5 1/2-1/2

[Event "EU-ch U16"]
[Site "Batumi"]
[Date "2010.09.23"]
[Round "5"]
[White "Mangiashvili, Otar"]
[Black "Kovalev, Vladislav"]
[Result "0-1"]
[WhiteElo "1804"]
[BlackElo "2328"]
[PlyCount "70"]
[EventDate "2010.09.20"]
[EventType "swiss"]
[EventRounds "9"]
[EventCountry "GEO"]
[SourceTitle "CBM 138 Extra"]
[Source "ChessBase"]
[SourceDate "2010.10.29"]
[SourceVersion "1"]
[SourceVersionDate "2010.10.29"]
[SourceQuality "1"]

1. d4 Nf6 2. c4 g6 3. Nc3 Bg7 4. e4 d6 5. h3 0-0 6. Nf3 e5 7. d5 Nh5 8. Nh2 Qe8 9. Be2 Nf4 10. Bf3 f5 11. g3 fxe4 12. Nxe4 Nxh3 13. Ng4 Qf7 14. Nef6+ Kh8 15. Rxh3 Bxf6 16. Rh2 Bg7 17. Be2 c6 18. Bh6 Bf5 19. Bxg7+ Qxg7 20. Ne3 cxd5 21. Qxd5 Nc6 22. 0-0-0 Nd4 23. Rdh1 Nxe2+ 24. Kd2 Nd4 25. Rxh7+ Qxh7 26. Rxh7+ Kxh7 27. Qxb7+ Kh8 28. Qe7 Nc6 29. Qg5 Kg7 30. f4 exf4 31. gxf4 Rae8 32. Qg2 Be4 33. Qf2 Rf7 34. Kc3 Ref8 35. Qd2 Rxf4 0-1

[Event "EU-ch U16"]
[Site "Batumi"]
[Date "2010.09.21"]
[Round "2"]
[White "Gabuzyan, Hovhannes"]
[Black "Mangiashvili, Otar"]
[Result "1-0"]
[WhiteElo "2261"]
[BlackElo "1804"]
[PlyCount "81"]
[EventDate "2010.09.20"]
[EventType "swiss"]
[EventRounds "9"]
[EventCountry "GEO"]
[SourceTitle "CBM 138 Extra"]
[Source "ChessBase"]
[SourceDate "2010.10.29"]
[SourceVersion "1"]
[SourceVersionDate "2010.10.29"]
[SourceQuality "1"]

1. Nf3 d5 2. g3 g6 3. Bg2 Bg7 4. 0-0 Nf6 5. d4 e6 6. c4 0-0 7. Nbd2 Nbd7 8. Qc2 c6 9. Rd1 Qe7 10. e4 dxe4 11. Nxe4 e5 12. Nxf6+ Bxf6 13. d5 cxd5 14. cxd5 Qc5 15. Qe2 Bg7 16. d6 Rd8 17. Bg5 f6 18. Rac1 Qb4 19. Be3 Nf8 20. Bc5 Qg4 21. Rc4 Qd7 22. a4 b6 23. Nxe5 fxe5 24. Bxa8 Ba6 25. Bd5+ Kh8 26. Ba3 Ne6 27. Qg4 Bxc4 28. Qxc4 Nd4 29. Qc7 Bf8 30. Rxd4 exd4 31. Bc6 Qxc7 32. dxc7 Rc8 33. Bxf8 Rxc7 34. Bb5 Rc1+ 35. Kg2 Rd1 36. Kf3 d3 37. Bb4 d2 38. Ke2 Rh1 39. Bxd2 Rxh2 40. Bf4 Rh5 41. Bb8 1-0